|
|
|
|
| LEADER |
00000nam0a2200000 4500 |
| 001 |
124096 |
| 005 |
20231031130742.0 |
| 020 |
|
|
|a RU
|b 86-33708
|
| 035 |
|
|
|a (RuTPU)RU\TPU\book\134306
|
| 090 |
|
|
|a 124096
|
| 100 |
|
|
|a 20071029d1986 m y0rusy5003 ca
|
| 101 |
0 |
|
|a rus
|
| 102 |
|
|
|a RU
|
| 105 |
|
|
|a a z 000gy
|
| 200 |
1 |
|
|a Звезда удачи
|e Стихи
|f Л. В. Щипахина
|
| 210 |
|
|
|a Москва
|c Воениздат
|d 1986
|
| 215 |
|
|
|a 190,[1] с., [1] л. портр.
|c ил.
|d 17 см
|
| 327 |
1 |
|
|a Циклы: Мое Отечество; Друзья и братья; Звезда удачи
|
| 610 |
1 |
|
|a советская литература
|
| 610 |
1 |
|
|a поэзия
|
| 610 |
1 |
|
|a стихи
|
| 675 |
|
|
|a Р2
|z rus
|
| 700 |
|
1 |
|a Щипахина
|b Л. В.
|g Людмила Васильевна
|4 070
|
| 801 |
|
0 |
|a RU
|b RuMRKP
|c 19950704
|g psbo
|
| 801 |
|
1 |
|a RU
|b 63413507
|c 20071029
|g PSBO
|
| 801 |
|
2 |
|a RU
|b 63413507
|c 20071029
|g PSBO
|
| 942 |
|
|
|c BK
|